00486nam a22001457a 4500003000500000038001800005082000800023100002100031245009800052264003800150300002500188650003600213700003400249856005700283NUST aNusrat Nadeem a200 aShahid, Muhammad aSimulation and Modelling of an Integrated Hybrid Energy System of Pakistan/cMuhammad Shahid, aIslamabad,bUSPCAS-E NUST,c2023. aill:b208,p:c30,cm. aPhD-Energy Systems Engineering  aSupervisor : Dr. Kafait Ullah uhttp://10.250.8.41:8080/xmlui/handle/123456789/39059